Předpokladem zdravého životního stylu je osobní efektivita
Úspešné plnenie pracovných úloh a zdravý životný štýl nemusia stáť vždy proti sebe. Opierajú sa totiž do značnej miery o spoločný predpoklad. Je ním osobná efektívnosť - schopnosť vnímať priority a účinne riadiť sám seba.
Salvato in:
| Autore principale: | |
|---|---|
| Natura: | Capitolo di libro |
| Lingua: | ceco |
| Soggetti: | |
| Tags: |
Nessun Tag, puoi essere il primo ad aggiungerne!!
|
MARC
| LEADER | 00000naa a2200000 4500 | ||
|---|---|---|---|
| 001 | 0118652 | ||
| 005 | 20231019115219.4 | ||
| 041 | 0 | |a cze | |
| 044 | |a CZ | ||
| 245 | 1 | 0 | |a Předpokladem zdravého životního stylu je osobní efektivita |c Jan Urban |
| 520 | |a Úspešné plnenie pracovných úloh a zdravý životný štýl nemusia stáť vždy proti sebe. Opierajú sa totiž do značnej miery o spoločný predpoklad. Je ním osobná efektívnosť - schopnosť vnímať priority a účinne riadiť sám seba. | ||
| 610 | 2 | 0 | |a štýl životný |
| 610 | 2 | 0 | |a úspech pracovný |
| 610 | 2 | 0 | |a sebariadenie |
| 100 | 1 | |a Urban, Jan | |